000 01091nam a2200301 a 4500
999 _c485604
_d485604
003 BLK
005 20230526093602.0
008 221209b bul|||||r ||||||| ||bul||
010 _aKNG00210209000
020 _a9786190211266
040 _aBLK
041 _aBUL
_cBUL
080 _aФренска литература
_b821.133.1
_x-31
_z821.133.1-31
100 _aРико, Люси
_eпърви автор
_9484829
139 _aРико, Люси
_bР 61
245 1 0 _aПесента на вакуумираното пиле
_cЛюси Рико; прев. от фр. Румяна М. Станчева.
257 _aFRA
260 _aСофия
_bКолибри
_c2022
_fСофия : Инвестпрес
300 _a264 с.
_c20 см
380 _aX
490 _aEuropa
_9484826
500 _aОриг. загл.: Le chant du Poulet Sous Vide / Lucie Rico
700 _aСтанчева, Румяна Младенова
_eпрев. от фр.
_9286449
856 4 _qpdf
_i0.00
_ldisable
856 4 _qpdf
_i0.00
_ldisable
942 _cKNG
_n0
_s1
_04
944 _aCR
_c2022-12-09